000 00725nam a2200229 u 4500
005 20240228063923.0
008 080421s2006 r 000 0 eng d
020 _a9803950584
035 _aUPN01000155543
049 _aI
050 4 _aPZ71
_bF5.6
100 1 _aFlores, Margit
_942837
245 1 0 _aOficios y profesiones /
_cMargit Flores ; il. Gisela Arévalo.
260 _aCaracas :
_bEl Nacional,
_c2006.
300 _a23 p. :
_bprincipalmente il. col.
440 0 _aInformativos.
_pBrújula inicial
500 _a"Sala 5 años"
650 4 _aLibros y lectura para niños
_92290
650 4 _aOCUPACIONES -
_vLITERATURA INFANTIL
_911057
650 4 _aPROFESIONES -
_vLITERATURA INFANTIL
_911059
905 _aInfantil
999 _c127658
_d127658